000 00898nam a2200241 a 4500
001 000021285
005 20260310104012.0
008 100903s1966 ag 000 0 spa d
040 _aDO-SdBNP
_bspa
_cBNPHU
082 _a305.56
_bM662m
100 1 _aMilton Yinger, J.
_944475
240 1 2 _aA minority group in american society.
_lEspañol
245 1 3 _aLa minoria de color en Estados Unidos :
_bun conflicto social /
_cJ. Milton Yinger ; traducción Roberto Marcenado Boutell.
260 _aBuenos Aires, (Argentina) :
_bEdiciones Troquel,
_c1966.
300 _a166 p. ;
_c20 cm.
534 _aTítulo de la obra en inglés :
_tA minority group in american society
650 0 _aDiscriminación racial
_92280
650 4 _aDiaspora
_944476
650 4 _aProblemas raciales
_944477
650 4 _aActitudes étnicas
_944478
700 1 _aMarcenaro Boutell, Roberto,
_etr.
_944479
049 _aBNGR
999 _c20785
_d20785